00337nam a2200145Ia 4500008004100000041000800041082001500049100001600064245002000080250001200100260003900112300000800151365001600159700001600175230718s9999 xx 000 0 und d aeng a531.2bBER aBerkey D.D. aAplied Calculus a2nd ed. c1990bSaunders College Publication a629 cRs.b395.00 aBerkey D.D.